| 000 | 01016cam a2200337 a 4500 | ||
|---|---|---|---|
| 999 |
_c11179 _d11179 |
||
| 001 | 970122 | ||
| 003 | GZU | ||
| 005 | 20240402122359.0 | ||
| 008 | 850702s1986 maua b 001 0 eng | ||
| 010 | _a 85015715 | ||
| 020 | _a0205087167 | ||
| 022 | _aNo number | ||
| 040 |
_aDLC _cDLC _dDLC |
||
| 043 | _an-us--- | ||
| 050 | 0 | 0 |
_aHV95 _bMEH 1986 |
| 082 | 0 | 0 |
_a361/.973 _219 |
| 100 | 1 |
_aMehr, Joseph, _d1941- _eauthor |
|
| 245 | 1 | 0 |
_aHuman services: _bconcepts and intervention strategies/ _cJoseph Mehr. |
| 250 | _aThird edition. | ||
| 260 |
_aBoston: _bAllyn and Bacon, _cc1986. |
||
| 300 |
_axiv, 338pages: _billustrations; _c25cm. |
||
| 500 | _aIncludes index. | ||
| 504 | _aBibliography: p. 309-317. | ||
| 505 | _rJoseph Mehr | ||
| 520 | _aHuman services | ||
| 650 | 0 |
_aHuman services _zUnited States. |
|
| 650 | 0 |
_aSocial service _zUnited States. |
|
| 650 | 0 |
_aPublic welfare _zUnited States. |
|
| 906 |
_a7 _bcbc _corignew _d1 _eocip _f19 _gy-gencatlg |
||
| 942 |
_2lcc _cBK _eThird edition _h95 _iMEH _kHV |
||